Alukh Nagri (Record no. 10969)

000 -LEADER
fixed length control field 00341 a2200145 4500
020 ## - INTERNATIONAL STANDARD BOOK NUMBER
International Standard Book Number 9695035302
082 ## - DEWEY DECIMAL CLASSIFICATION NUMBER
Classification number 928
090 ## - LOCALLY ASSIGNED LC-TYPE CALL NUMBER (OCLC); LOCAL CALL NUMBER (RLIN)
-- 7165
-- 7165
100 ## - MAIN ENTRY--PERSONAL NAME
Personal name Mumtaz, Mufti
245 ## - TITLE STATEMENT
Title Alukh Nagri
Statement of responsibility, etc. Mumtaz, Mufti
260 ## - PUBLICATION, DISTRIBUTION, ETC.
Place of publication, distribution, etc. Lahore
Name of publisher, distributor, etc. Al-Faisal Nashran
Date of publication, distribution, etc. 2010
300 ## - PHYSICAL DESCRIPTION
Extent 848 p.
Other physical details ;ill.
Dimensions 25 cm.
650 ## - SUBJECT ADDED ENTRY--TOPICAL TERM
Topical term or geographic name entry element 1. Sawaneh
942 ## - ADDED ENTRY ELEMENTS (KOHA)
Koha item type Book
Call number prefix 928 MUM
Holdings
Withdrawn status Lost status Damaged status Not for loan Collection code Permanent Location Current Location Shelving location Date acquired Source of acquisition Cost, normal purchase price Total Checkouts Total Renewals Full call number Barcode Date last seen Date last checked out Price effective from Koha item type
          Central Library (CL) Central Library (CL) General Stacks 07/12/2012 Saeed Book Bank 960.00 21 15 928 MUM SEECS011372 02/27/2026 02/04/2024 01/05/2017 Book
© 2023 Central Library, National University of Sciences and Technology. All Rights Reserved.